Affrontez l'Alphabet #34 (spécial villes du Monde) - Statistiques

Statistiques générales
  • Ce quiz a été pris 73 fois
  • Le résultat moyen est 5 sur 11
Statistiques - réponses
Hint Réponse % Correct
Donne les 2 lettres manquantes dans le nom de cette ville du Monde en photo : _ERU_ALEM
JS
100%
Donne les 2 lettres manquantes dans le nom de cette ville du Monde en photo : PRET_ _IA
OR
85%
Donne les 2 lettres manquantes dans le nom de cette ville du Monde en photo : _OUS_ON
HT
80%
Donne les 2 lettres manquantes dans le nom de cette ville du Monde en photo : _ _EBEC
QU
80%
Donne les 2 lettres manquantes dans le nom de cette ville du Monde en photo : HALI_A_
FX
49%
Donne les 2 lettres manquantes dans le nom de cette ville du Monde en photo : DEBR_ _EN
EC
31%
Donne les 2 lettres manquantes dans le nom de cette ville du Monde en photo : H_DER_BAD
YA
20%
Donne les 2 lettres manquantes dans le nom de cette ville du Monde en photo : _UE_LA
PB
11%
Donne les 2 lettres manquantes dans le nom de cette ville du Monde en photo : _A_AN
KZ
4%
Donne les 2 lettres manquantes dans le nom de cette ville du Monde en photo : _AR_IN
DW
2%
Dernière Question : Donne la lettre manquante dans le nom de cette ville du Monde en photo : _AO
G
2%
Aucun quiz correspondant
Distribution des résultats
% des personnes avec chaque résultat
Percentile par nombre de réponses
Votre historique - résultats
Vous n’avez pas pris ce quiz